[Event "Mästar Elit"]
[Site "Kungsör"]
[Date "2009.07.02"]
[Round "5"]
[White "Frisk-Kockum, Anton"]
[Black "Lögdahl, Harald"]
[Result "1-0"]
[WhiteElo "2255"]
[BlackElo "2310"]
[Annotator ""]

1.d4 f5 2.Bg5 g6 3.Nd2 Bg7 4.e4 fxe4 5.Nxe4 d5 6.Nc5 b6 7.Nb3
Nh6 8.Nf3 Nf7 9.h4 O-O 10.Be2 c6 11.Qd2 Nd7 12.h5 h6 13.Be3 g5
14.O-O-O a5 15.a3 a4 16.Na1 Nf6 17.c3 Ne4 18.Qe1 c5 19.Nc2 e6
20.Bd3 Qc7 21.Nd2 Bb7 22.Nxe4 dxe4 23.Be2 Nd6 24.dxc5 bxc5 25.Qd2
Bd5 26.f4 exf3 27.gxf3 Rab8 28.Rhg1 Nf5 29.Bf2 Rb7 30.Ne3 Nxe3
31.Qxe3 Rfb8 32.Bg3 Qb6 33.Rd2 Rf8 34.Bd1 Qb5 35.Qd3 Bc4 36.Qg6
Rbf7 37.Bc2 Rf5 38.Bxf5 exf5 39.Be5 Qb7 40.Rd6 Qf7 41.Rgd1 Be2
42.Qxg7+ Qxg7 43.Bxg7 Kxg7 44.Rg6+ Kf7 45.Rd7+ Ke8 46.Rgg7 1-0

[Event "Mästar Elit"]
[Site "Kungsör"]
[Date "2009.07.02"]
[Round "5"]
[White "Landgren, Andreas"]
[Black "Collett, Peter"]
[Result "1/2-1/2"]
[WhiteElo "2184"]
[BlackElo "2195"]
[Annotator ""]

1.d4 Nf6 2.c4 e6 3.Nc3 Bb4 4.f3 d5 5.a3 Bxc3+ 6.bxc3 c5 7.cxd5
Nxd5 8.dxc5 Qa5 9.e4 Ne7 10.Be3 O-O 11.Qb3 Qc7 12.Bb5 Nbc6 13.Ne2
Na5 14.Qa4 b6 15.cxb6 axb6 16.c4 f5 17.O-O fxe4 18.fxe4 Rxf1+
19.Rxf1 Bb7 20.Ng3 Ng6 21.Qb4 Nc6 22.Bxc6 Qxc6 23.Qxb6 Qxb6 24.Bxb6
Rxa3 25.Rd1 Ne5 26.Rd8+ Kf7 27.Bd4 Rd3 28.Rb8 Rxd4 29.Rxb7+ Kg6
30.Rb6 Kf7 31.c5 Rc4 32.Rb7+ Kg6 33.Rb6 1/2-1/2

[Event "Mästar Elit"]
[Site "Kungsör"]
[Date "2009.07.02"]
[Round "5"]
[White "Lind, Jan-Olov"]
[Black "Ask, Josef"]
[Result "1/2-1/2"]
[WhiteElo "2231"]
[BlackElo "2191"]
[Annotator ""]

1.e4 e5 2.Nf3 Nc6 3.Bb5 Nge7 4.O-O Ng6 5.Nc3 Bc5 6.Nd5 O-O 7.c3
a6 8.Bc4 h6 9.d4 Ba7 10.Be3 d6 11.Qd2 Kh7 12.Kh1 f5 13.exf5 Bxf5
14.dxe5 Ncxe5 15.Nxe5 Nxe5 16.Be2 Bxe3 17.Nxe3 Be4 1/2-1/2

[Event "Mästar Elit"]
[Site "Kungsör"]
[Date "2009.07.02"]
[Round "5"]
[White "Persson, Andreas"]
[Black "Laksman, Efraim"]
[Result "0-1"]
[WhiteElo "2123"]
[BlackElo "2165"]
[Annotator ""]

1.e4 c5 2.Bb5 Nc6 3.Bxc6 bxc6 4.Nf3 g6 5.O-O Bg7 6.Nc3 e5 7.d3
Ne7 8.Bg5 O-O 9.Nd2 d6 10.a4 f6 11.Be3 f5 12.Bg5 h6 13.Bxe7 Qxe7
14.f3 h5 15.Qe2 Rb8 16.b3 f4 17.Rab1 Be6 18.Nd1 g5 19.Nf2 Bh6
20.Kh1 Rf7 21.Ra1 Rg7 22.Nd1 g4 23.Rb1 Kh7 24.Re1 Qh4 25.Kg1
Rbg8 26.Kh1 g3 27.h3 Bxh3 28.gxh3 g2+ 29.Kg1 Rg3 30.Nf2 Rxh3
31.Nxh3 Qxh3 32.a5 Bf8 33.Qd1 Be7 34.Kf2 Bh4+ 35.Ke2 g1N+ 0-1

[Event "Mästar Elit"]
[Site "Kungsör"]
[Date "2009.07.02"]
[Round "5"]
[White "Vas, Peter"]
[Black "Azizi, Haroon"]
[Result "1-0"]
[WhiteElo "2232"]
[BlackElo "2162"]
[Annotator ""]

1.e4 Nf6 2.e5 Nd5 3.d4 d6 4.c4 Nb6 5.f4 dxe5 6.fxe5 Nc6 7.Be3
Bf5 8.Nc3 e6 9.Be2 Be7 10.Nf3 O-O 11.O-O f6 12.exf6 Bxf6 13.Qd2
Qd7 14.Rad1 Rad8 15.Kh1 Kh8 16.Bg1 h6 17.Qe3 Qe8 18.Ne4 Nd7 19.Nxf6
Nxf6 20.Ne5 a5 21.Bf3 Rb8 22.h3 Ne7 23.g4 Bh7 24.Bh2 b5 25.b3
a4 26.Rde1 axb3 27.axb3 bxc4 28.bxc4 Qa4 29.Ra1 Qb3 30.Qxb3 Rxb3
31.Bg2 Rc8 32.Rfe1 Ne8 33.Nd7 Bg8 34.Nc5 Rb2 35.Nxe6 Ng6 36.Bc6
Nd6 37.c5 Nb5 38.d5 Nh4 39.Be5 Rb3 40.Bxb5 Rxb5 41.Bxg7+ Kh7
42.Bf6 Nf3 43.Re3 Nd2 44.Nf4 Bf7 45.d6 cxd6 46.cxd6 Rb7 47.Rd3
Ne4 48.d7 Rd8 49.Bxd8 Nf2+ 50.Kh2 Nxd3 51.Nxd3 Rxd7 52.Ne5 Rxd8
53.Nxf7 Rd5 54.Re1 h5 55.Kg3 1-0

[Event "Mästar Elit"]
[Site "Kungsör"]
[Date "2009.07.03"]
[Round "6"]
[White "Ask, Josef"]
[Black "Frisk-Kockum, Anton"]
[Result "0-1"]
[WhiteElo "2191"]
[BlackElo "2255"]
[Annotator ""]

1.e4 e6 2.d4 d5 3.Nd2 Nc6 4.Ngf3 Nf6 5.e5 Nd7 6.Nb3 a5 7.a4 Be7
8.Bb5 Ncb8 9.O-O b6 10.Qe2 O-O 11.Bf4 Ba6 12.c4 c6 13.cxd5 Bxb5
14.axb5 cxd5 15.Rfc1 Re8 16.Rc3 Nf8 17.Rac1 Nbd7 18.Rc6 a4 19.Na1
a3 20.b3 Ra7 21.Ne1 Qa8 22.Bd2 Qd8 23.Bf4 Qa8 24.Bd2 Rb7 25.Nd3
Rbb8 26.Be1 f6 27.f4 fxe5 28.fxe5 Bg5 29.R1c2 Ng6 30.g3 Rb7 31.Kg2
Ndf8 32.h4 Bh6 33.Bb4 Ne7 34.Bxe7 Rbxe7 35.Qe1 g5 36.h5 Nd7 37.Qc3
Bf8 38.Ra2 Rf7 39.Nc2 Qd8 40.Qd2 Nb8 41.Rc3 Qd7 42.Nxa3 Bxa3
43.Rxa3 h6 44.Qc2 Ref8 45.Ne1 g4 46.Qe2 Qe7 47.Nc2 Qg5 48.Ne3
Rg7 49.Ra1 Qxh5 50.Rh1 Qg6 51.Qc2 Qg5 52.Rf1 Rxf1 53.Nxf1 Nd7
54.Rc8+ Nf8 55.Rc7 h5 56.Rxg7+ Qxg7 57.Ne3 Qf7 58.Nf1 Ng6 59.Qe2
Qf5 60.Nd2 h4 61.gxh4 Nf4+ 0-1

[Event "Mästar Elit"]
[Site "Kungsör"]
[Date "2009.07.03"]
[Round "6"]
[White "Azizi, Haroon"]
[Black "Lind, Jan-Olov"]
[Result "1-0"]
[WhiteElo "2162"]
[BlackElo "2231"]
[Annotator ""]

1.e4 d5 2.d4 c5 3.Nc3 e6 4.Nf3 cxd4 5.Qxd4 Nc6 6.Bb5 Bd7 7.Qd1
dxe4 8.Nxe4 Qa5+ 9.Nc3 Bb4 10.Bd2 Nf6 11.Qe2 Qc7 12.O-O O-O 13.Rad1
a6 14.Bd3 Be7 15.Bg5 g6 16.Ne4 Nd5 17.Bxe7 Ncxe7 18.c4 Nf4 19.Qd2
f5 20.Nc5 Bc6 21.Qe3 Rf6 22.Rfe1 Bxf3 23.Qxf3 Nxd3 24.Nxd3 Rd8
25.Nf4 Rxd1 26.Rxd1 Nc6 27.Qc3 e5 28.Nd5 Rd6 29.f4 Qg7 30.fxe5
Nxe5 31.Re1 Re6 32.Kf1 g5 33.a4 h6 34.a5 f4 35.Qd4 Re8 36.b4
Kf7 37.h3 Re6 38.b5 Re8 39.bxa6 bxa6 40.c5 Re6 41.c6 Rxc6 42.Rxe5
Rc1+ 43.Kf2 Kg6 44.Re6+ 1-0

[Event "Mästar Elit"]
[Site "Kungsör"]
[Date "2009.07.03"]
[Round "6"]
[White "Collett, Peter"]
[Black "Eriksson, Anders"]
[Result "0-1"]
[WhiteElo "2195"]
[BlackElo "2346"]
[Annotator ""]

1.d4 Nf6 2.c4 e6 3.Nc3 Bb4 4.e3 Nc6 5.Nf3 O-O 6.Qc2 d5 7.a3 Bd6
8.c5 Be7 9.b4 a6 10.Bd3 Re8 11.O-O Bf8 12.Bb2 g6 13.h3 Nh5 14.g4
Nf6 15.Ne2 Bg7 16.Nf4 Nd7 17.Rad1 Ne7 18.a4 Nf8 19.Rfe1 c6 20.Bf1
Bd7 21.Nd3 f6 22.Nh2 a5 23.bxa5 Qxa5 24.Ra1 g5 25.f4 h6 26.Nf3
Nh7 27.Bc3 Qc7 28.a5 Rf8 29.Qh2 Qc8 30.Reb1 Be8 31.Qb2 Ra7 32.Qb6
Qa8 33.Kg2 Bg6 34.Rb2 Be4 35.Kg3 Ng6 36.Rf2 f5 37.Nfe5 fxg4 38.hxg4
gxf4+ 39.exf4 Bf6 40.Nxg6 Bxg6 41.Ne5 Bd8 42.Qb2 Be8 43.Qd2 Qc8
44.Bd3 Qc7 45.Rh2 Qg7 46.Rah1 h5 47.Rg2 Nf6 48.g5 Nd7 49.Kh2
Nxe5 50.fxe5 Bg6 51.Kg1 Bxa5 52.Bxa5 Bxd3 53.Qxd3 Rxa5 54.Rxh5
Ra1+ 55.Kh2 Rff1 56.Kg3 Qf7 57.Rh4 Rad1 58.Qe3 Qf5 59.Rd2 Rxd2 0-1

[Event "Mästar Elit"]
[Site "Kungsör"]
[Date "2009.07.03"]
[Round "6"]
[White "Janse, Love"]
[Black "Vas, Peter"]
[Result "0-1"]
[WhiteElo "2142"]
[BlackElo "2232"]
[Annotator ""]

1.e4 e5 2.f4 exf4 3.Bc4 Nf6 4.Nc3 Bb4 5.e5 d5 6.exf6 dxc4 7.fxg7
Rg8 8.Qh5 Rxg7 9.Nd5 Bd6 10.Ne2 Rg5 11.Qf3 Bg4 12.Nf6+ Qxf6 13.Qxb7
Qe5 14.O-O Qxe2 15.Qxa8 f3 16.Qxb8+ Kd7 17.Rf2 Qe1+ 18.Rf1 f2+ 0-1

[Event "Mästar Elit"]
[Site "Kungsör"]
[Date "2009.07.03"]
[Round "6"]
[White "Laksman, Efraim"]
[Black "Lögdahl, Harald"]
[Result "1-0"]
[WhiteElo "2165"]
[BlackElo "2310"]
[Annotator ""]

1.e4 Nf6 2.e5 Nd5 3.d4 d6 4.c4 Nb6 5.exd6 cxd6 6.Nc3 g6 7.Be3
Bg7 8.Rc1 O-O 9.b3 e5 10.dxe5 dxe5 11.Qxd8 Rxd8 12.c5 N6d7 13.Bc4
Nc6 14.Ne4 Nf8 15.Nd6 Be6 16.Nxb7 Rd7 17.Nd6 Nb4 18.a3 Nd5 19.Nf3
Rb8 20.Nd2 f5 21.Bxd5 Bxd5 22.f3 Ne6 23.b4 a6 24.b5 Bf8 25.a4
Bxd6 26.cxd6 Rxd6 27.Nc4 Bxc4 28.Rxc4 Kf7 29.Ke2 f4 30.Bf2 Rbd8
31.Rhc1 Rd2+ 32.Kf1 Rb2 33.Be1 Rd3 34.Bc3 Ra2 35.Rb1 Nd4 36.b6
Nf5 37.Rc7+ Ke6 38.b7 Ne3+ 39.Kg1 Rxg2+ 40.Kh1 Rd8 41.Rc8 1-0

[Event "Mästar Elit"]
[Site "Kungsör"]
[Date "2009.07.03"]
[Round "6"]
[White "Nygren, David"]
[Black "Landgren, Andreas"]
[Result "0-1"]
[WhiteElo "2144"]
[BlackElo "2184"]
[Annotator ""]

1.e4 c5 2.Nf3 d6 3.d4 cxd4 4.Nxd4 Nf6 5.Nc3 a6 6.Bg5 e6 7.Bc4
b5 8.Bb3 Bb7 9.Qe2 Nbd7 10.f4 b4 11.e5 dxe5 12.fxe5 bxc3 13.exf6
cxb2 14.Nxe6 bxa1Q+ 15.Kf2 Qaxf6+ 0-1

[Event "Mästar Elit"]
[Site "Kungsör"]
[Date "2009.07.03"]
[Round "6"]
[White "Persson, Andreas"]
[Black "Bryntze, Stefan"]
[Result "0-1"]
[WhiteElo "2123"]
[BlackElo "2010"]
[Annotator ""]

1.e4 e5 2.Nf3 Nc6 3.d4 exd4 4.Nxd4 Bc5 5.Be3 Qf6 6.c3 Nge7 7.g3
d6 8.Bg2 h5 9.h3 Bd7 10.O-O Ne5 11.Nd2 Qg6 12.Nf5 Bxe3 13.Nxe3
O-O-O 14.b4 f5 15.exf5 Nxf5 16.Nd5 Rde8 17.a4 c6 18.Nf4 Qh6 19.b5
h4 20.bxc6 bxc6 21.Rb1 hxg3 22.Qb3 Kd8 23.Qb4 g5 24.Ne2 g4 25.Nf4
gxh3 26.Bxh3 Qg5 27.Bg2 Rh4 28.Qa5+ Ke7 29.fxg3 Qxg3 30.Nf3 Rxf4
31.Nxe5 Qe3+ 0-1

[Event "Mästar Elit"]
[Site "Kungsör"]
[Date "2009.07.05"]
[Round "7"]
[White "Bryntze, Stefan"]
[Black "Laksman, Efraim"]
[Result "1/2-1/2"]
[WhiteElo "2010"]
[BlackElo "2165"]
[Annotator ""]

1.f4 d5 2.e3 Nf6 3.Nf3 g6 4.b3 Bg7 5.Bb2 O-O 6.Be2 c5 7.O-O Nc6
8.Bb5 Qb6 9.Bxc6 Qxc6 10.d3 Rd8 11.Qe1 b5 12.a4 b4 13.Nbd2 a5
14.Qh4 Ng4 15.Ne5 Bxe5 16.fxe5 1/2-1/2

[Event "Mästar Elit"]
[Site "Kungsör"]
[Date "2009.07.05"]
[Round "7"]
[White "Eriksson, Anders"]
[Black "Nygren, David"]
[Result "1/2-1/2"]
[WhiteElo "2346"]
[BlackElo "2144"]
[Annotator ""]

1.g3 d5 2.Nf3 Bg4 3.Bg2 Nd7 4.c4 e6 5.cxd5 exd5 6.Qb3 Nc5 7.Qe3+
Be6 8.d4 Ne4 9.Nc3 Ngf6 10.O-O c6 11.Ne5 Nd6 12.f3 Be7 13.Qf2
Qb6 14.h3 Nb5 15.e3 Bd6 16.Nd3 Nxc3 17.bxc3 Qc7 18.Nf4 Bxf4 19.gxf4
Nh5 20.Qh4 g6 21.e4 f5 22.e5 Kf7 23.a4 b6 24.Ba3 Qd8 25.Qxd8
Rhxd8 26.Bc1 Rac8 1/2-1/2

[Event "Mästar Elit"]
[Site "Kungsör"]
[Date "2009.07.05"]
[Round "7"]
[White "Frisk-Kockum, Anton"]
[Black "Azizi, Haroon"]
[Result "1/2-1/2"]
[WhiteElo "2255"]
[BlackElo "2162"]
[Annotator ""]

1.d4 d5 2.Nf3 Nc6 3.e3 Nf6 4.Bb5 Bd7 5.O-O g6 6.b3 Bg7 7.Nbd2
O-O 8.Ba3 Nb8 9.Bd3 Bg4 10.c4 c6 11.Qc2 Bxf3 12.Nxf3 Nbd7 13.Rac1
Re8 14.Bb2 e6 15.b4 a6 16.a4 Rc8 17.Qe2 dxc4 18.Bxc4 Qb6 19.b5
cxb5 20.axb5 a5 21.Ne5 Nxe5 22.dxe5 Nd7 23.Bd4 Qd8 24.f4 b6 25.Bd3
Nc5 26.Bxc5 bxc5 27.Bc4 Qb6 28.Qa2 Red8 29.g4 Rc7 30.Rcd1 Ra7
31.Rxd8+ Qxd8 32.Rb1 Qb6 33.Rd1 Bf8 34.Qg2 Qb8 35.Qc6 Rc7 36.Qe4
Ra7 37.f5 exf5 38.gxf5 gxf5 39.Qxf5 Qe8 40.Bd3 Bg7 41.Be4 Re7
42.Qxh7+ Kf8 43.Bc6 Qb8 44.Qh4 Bxe5 45.Rd2 c4 46.Rg2 Re6 47.Qxc4
Qb6 48.Qd3 Bf4 49.Qa3+ Bd6 50.Qc3 Qxe3+ 51.Qxe3 Rxe3 52.Ra2 Bc5
53.Kg2 Bb6 54.h3 1/2-1/2

[Event "Mästar Elit"]
[Site "Kungsör"]
[Date "2009.07.05"]
[Round "7"]
[White "Landgren, Andreas"]
[Black "Persson, Andreas"]
[Result "0-1"]
[WhiteElo "2184"]
[BlackElo "2123"]
[Annotator ""]

1.d4 d6 2.Nf3 g6 3.c4 Bg7 4.e4 Bg4 5.Be2 Nc6 6.Nbd2 e5 7.d5 Nce7
8.O-O Bd7 9.b4 f5 10.Re1 Nf6 11.exf5 Nxf5 12.Bd3 O-O 13.Ne4 h6
14.Bb2 Qe7 15.Qb3 Rf7 16.Rac1 g5 17.c5 g4 18.Nfd2 Nh5 19.cxd6
cxd6 20.Bf1 Nf4 21.b5 Qh4 22.Rc7 b6 23.Rec1 Nd4 24.Bxd4 exd4
25.Rb7 Be5 26.Ng3 Raf8 27.Rcc7 Qd8 28.Nc4 Ng6 29.Ne4 Bxh2+ 30.Kxh2
Qh4+ 31.Kg1 Rxf2 32.Ncd2 Ne5 33.Rxd7 Nxd7 34.Rxd7 g3 35.Nxg3
Rxd2 36.Qb1 d3 37.Qa1 Qxg3 38.Re7 Qf2+ 39.Kh1 Qxf1+ 40.Qxf1 Rxf1+
41.Kh2 Rff2 0-1

[Event "Mästar Elit"]
[Site "Kungsör"]
[Date "2009.07.05"]
[Round "7"]
[White "Lind, Jan-Olov"]
[Black "Janse, Love"]
[Result "0-1"]
[WhiteElo "2231"]
[BlackElo "2142"]
[Annotator ""]

1.e4 d6 2.d4 g6 3.Nc3 c6 4.Nf3 Bg7 5.Be3 Nd7 6.Qd2 e5 7.dxe5
dxe5 8.O-O-O Qe7 9.Bc4 Ngf6 10.Bh6 O-O 11.h4 b5 12.Bd3 Nc5 13.Bxg7
Kxg7 14.h5 Nxh5 15.Rh4 Nf4 16.Rdh1 h5 17.Nxe5 Qxe5 18.Rxf4 Be6
19.Rfh4 b4 20.Nd1 Rh8 21.Kb1 Qd4 22.e5 Qxe5 23.Rxb4 Rad8 24.Re1
Qd5 25.Nc3 Qxg2 26.Ne4 Nxe4 27.Rbxe4 Bf5 28.Qc3+ Kh6 29.Rf4 Bxd3
30.cxd3 Qd5 31.d4 Rhe8 32.Rxe8 Rxe8 33.a4 Re4 34.Qd2 Kg7 35.Rxe4
Qxe4+ 36.Ka1 h4 37.Qc3 Kh7 38.a5 Qh1+ 39.Ka2 h3 40.d5 Qxd5+ 41.Ka3
h2 42.Qh3+ Qh5 43.Qd7 Qf3+ 0-1

[Event "Mästar Elit"]
[Site "Kungsör"]
[Date "2009.07.05"]
[Round "7"]
[White "Lögdahl, Harald"]
[Black "Ask, Josef"]
[Result "1/2-1/2"]
[WhiteElo "2310"]
[BlackElo "2191"]
[Annotator ""]

1.e4 e5 2.Nf3 Nc6 3.Nc3 Nf6 4.Bb5 Nd4 5.O-O c6 6.Bc4 Nxf3+ 7.Qxf3
d6 8.d3 g6 9.Qe2 Nh5 10.f4 exf4 11.Bxf4 Nxf4 12.Rxf4 Qb6+ 13.Kh1
Qxb2 14.Bxf7+ Kd8 15.Qe1 Bg7 16.d4 Bxd4 17.Rf3 Qb4 18.Qh4+ Kc7
19.Rb1 Qc5 20.Qe7+ Bd7 21.Be6 Rad8 22.Bxd7 Rxd7 23.Rxb7+ Kxb7
24.Qxd7+ Ka8 25.Ne2 Qxc2 26.Ng3 Qc5 27.h4 Rb8 28.Kh2 Be5 29.Rf7
h5 30.Kh3 Qb6 31.Nf1 Qb7 32.Qe6 Qc8 33.Qxc8 Rxc8 34.Ne3 Bd4 35.Nc4
d5 36.Nd6 Rd8 37.Nb7 Re8 38.exd5 cxd5 39.Na5 Bb6 40.Nc6 Rc8 41.Ne7
Rc3+ 42.g3 Bc7 43.Nxd5 Rxg3+ 44.Kh2 Bb8 45.Rd7 Rc3+ 46.Kg2 Rc2+
47.Kf3 Rxa2 48.Ne7 Ra3+ 49.Ke4 Ra4+ 50.Kd5 Rxh4 51.Nxg6 Rh1 52.Rh7
Bg3 53.Ne7 h4 54.Nc6 Bf2 55.Kd6 Bb6 56.Nb4 Rd1+ 57.Nd5 Bf2 58.Kc6
Rc1+ 59.Kd6 Bg3+ 60.Ke6 Rc6+ 61.Kf5 a5 62.Ke4 a4 63.Rh8+ Kb7
64.Rh7+ Bc7 65.Kd3 a3 66.Nxc7 1/2-1/2

[Event "Mästar Elit"]
[Site "Kungsör"]
[Date "2009.07.05"]
[Round "7"]
[White "Vas, Peter"]
[Black "Collett, Peter"]
[Result "1-0"]
[WhiteElo "2232"]
[BlackElo "2195"]
[Annotator ""]

1.e4 e5 2.Nf3 Nc6 3.d4 exd4 4.Nxd4 Nf6 5.Nxc6 bxc6 6.e5 Qe7 7.Qe2
Nd5 8.c4 Nb6 9.Nc3 Qe6 10.Qe4 g6 11.Bd3 Bg7 12.f4 O-O 13.O-O
Ba6 14.b3 d5 15.cxd5 cxd5 16.Qe2 Bxd3 17.Qxd3 c5 18.a4 c4 19.bxc4
dxc4 20.Qe4 f6 21.a5 Nd7 22.Ba3 fxe5 23.Bxf8 Rxf8 24.Nd5 c3 25.Rac1
Qd6 26.Rxc3 exf4 27.Rcf3 Be5 28.Kh1 g5 29.Qc4 Kh8 30.Rd3 Bg7
31.Nxf4 Ne5 32.Rxd6 Nxc4 33.Rd7 gxf4 34.Rxa7 Nd2 35.Rd1 f3 36.gxf3
Nxf3 37.Rf1 Bd4 38.Rd7 Rg8 39.a6 Nd2 40.Rd1 Bc3 41.a7 Ne4 42.Rf1
Bb4 43.Rff7 1-0

[Event "Mästar Elit"]
[Site "Kungsör"]
[Date "2009.07.06"]
[Round "8"]
[White "Azizi, Haroon"]
[Black "Lögdahl, Harald"]
[Result "1/2-1/2"]
[WhiteElo "2162"]
[BlackElo "2310"]
[Annotator ""]

1.e4 Nf6 2.e5 Nd5 3.d4 d6 4.Nf3 g6 5.Be2 Bg7 6.O-O O-O 7.c4 Nb6
8.exd6 cxd6 9.h3 Nc6 10.Nc3 Bf5 11.Be3 d5 12.cxd5 Nxd5 13.Qd2
Nxc3 14.bxc3 Qa5 15.Bh6 Rfd8 16.Bxg7 Kxg7 17.Qe3 e5 18.Nxe5 Nxe5
19.dxe5 Rd5 20.f4 Rad8 21.Rf2 h5 22.c4 Qc5 23.Qxc5 Rxc5 24.Bf1
h4 25.a4 Rc7 26.a5 Rcd7 27.Ra3 Rd1 28.g4 hxg3 29.Rxg3 Ra1 30.Kh2
Rxa5 31.Bg2 Rc5 32.Bxb7 Rxc4 33.Ra3 Rdd4 34.Bg2 Ra4 35.Rfa2 Bd7
36.Rxa4 Rxa4 37.Rd2 Be6 38.Kg3 Ra3+ 39.Kf2 Ra2 40.Rxa2 Bxa2 41.Ke3
Be6 42.h4 a5 43.Bf3 a4 44.Kd4 a3 45.Kc3 a2 46.Kb2 Kh6 47.Be2
Bd5 1/2-1/2

[Event "Mästar Elit"]
[Site "Kungsör"]
[Date "2009.07.06"]
[Round "8"]
[White "Bryntze, Stefan"]
[Black "Landgren, Andreas"]
[Result "1-0"]
[WhiteElo "2010"]
[BlackElo "2184"]
[Annotator ""]

1.f4 d5 2.e3 Nf6 3.Nf3 g6 4.b3 Bg7 5.Bb2 O-O 6.Be2 c5 7.O-O Nc6
8.Bb5 Qb6 9.Bxc6 Qxc6 10.d3 b5 11.a4 b4 12.Qe1 a5 13.Nbd2 Qe6
14.Ng5 Qb6 15.Qh4 h6 16.Ngf3 Be6 17.Ne5 Ng4 18.Nxg4 Bxb2 19.f5
Bxa1 20.Rxa1 h5 21.Nf3 Kg7 22.f6+ exf6 23.Qxf6+ Kg8 24.Nh6+ Kh7
25.Nxf7 Rxf7 26.Ng5+ Kg8 27.Nxf7 c4 28.d4 cxb3 29.cxb3 Ra7 30.Ng5
Ra6 31.Rf1 Bf5 32.Qf7+ 1-0

[Event "Mästar Elit"]
[Site "Kungsör"]
[Date "2009.07.06"]
[Round "8"]
[White "Collett, Peter"]
[Black "Lind, Jan-Olov"]
[Result "0-1"]
[WhiteElo "2195"]
[BlackElo "2231"]
[Annotator ""]

1.d4 Nf6 2.c4 g6 3.Nc3 Bg7 4.e4 d6 5.f3 O-O 6.Be3 Nc6 7.Nge2
a6 8.Qd2 Rb8 9.Rc1 Bd7 10.Nd1 Ne8 11.Nf2 f5 12.g3 e5 13.d5 f4
14.gxf4 exf4 15.Bxf4 Ne5 16.Bg2 b5 17.Bxe5 Bxe5 18.f4 Qh4 19.O-O
Rxf4 20.h3 bxc4 21.Rxc4 Rxb2 22.Rc2 Rxc2 23.Qxc2 Bb5 24.Nd3 Rxe4
25.Ndf4 Rxf4 26.Rxf4 Qe1+ 27.Rf1 Qxe2 28.Qxe2 Bxe2 29.Rc1 Kf7
30.Bf1 Bxf1 31.Kxf1 Ke7 32.Rc6 a5 33.Ke2 Bd4 34.Rc4 Bb6 35.Re4+
Kf7 36.Rf4+ Nf6 37.Kd3 g5 38.Rf1 Kg6 39.Kc4 h5 0-1

[Event "Mästar Elit"]
[Site "Kungsör"]
[Date "2009.07.06"]
[Round "8"]
[White "Janse, Love"]
[Black "Frisk-Kockum, Anton"]
[Result "1/2-1/2"]
[WhiteElo "2142"]
[BlackElo "2255"]
[Annotator ""]

1.e4 e6 2.d3 d5 3.Qe2 Be7 4.g3 Nf6 5.Bg2 c5 6.Nf3 Nc6 7.O-O b6
8.e5 Nd7 9.c4 Nf8 10.Re1 Bb7 11.h4 h6 12.Nc3 g5 13.h5 d4 14.Nb5
a6 15.Na3 Nd7 16.Nc2 a5 17.Bd2 Bf8 18.Na3 Qb8 19.Nb5 Na7 20.Nxa7
Rxa7 21.Nh2 Bg7 22.f4 gxf4 23.Bxf4 b5 24.b3 Bxg2 25.Qxg2 bxc4
26.bxc4 Rb7 27.Ng4 Rb2 28.Qc6 a4 29.Nf6+ Bxf6 30.exf6 Qb7 31.Qxb7
Rxb7 32.Rab1 Rxb1 33.Rxb1 O-O 34.Bxh6 Rc8 35.Bf4 e5 36.Rb7 exf4
37.Rxd7 fxg3 38.Ra7 Re8 39.Rxa4 Re3 40.Ra3 Kh7 41.Ra5 Rxd3 42.Rxc5
Rf3 43.Rd5 Rxf6 44.Rxd4 Rf2 45.c5 Rc2 46.Rd5 Rxa2 47.Rf5 Kh6
48.Rxf7 1/2-1/2

[Event "Mästar Elit"]
[Site "Kungsör"]
[Date "2009.07.06"]
[Round "8"]
[White "Laksman, Efraim"]
[Black "Ask, Josef"]
[Result "1/2-1/2"]
[WhiteElo "2165"]
[BlackElo "2191"]
[Annotator ""]

1.c4 e6 2.Nc3 b6 3.e4 Bb7 4.d4 Bb4 5.d5 Ne7 6.Nge2 Ng6 7.a3 Be7
8.g3 Ne5 9.Nd4 c5 10.Nc2 exd5 11.exd5 O-O 12.f4 Ng6 13.Bg2 d6
14.O-O Nd7 15.Qd3 a6 16.a4 Nf6 17.Ne3 Ne8 18.Nf5 Nc7 19.Nxe7+
Qxe7 20.b3 Bc8 21.Bb2 f5 22.Rfe1 Qf7 23.Re3 Bd7 24.Rae1 Rfe8
25.Bf1 Rab8 26.Qc2 Ne7 27.Bd3 Ng6 28.Nd1 Rxe3 29.Nxe3 Rf8 30.Qc3
Ne7 31.Re2 Re8 32.Rg2 Rb8 33.g4 fxg4 34.Nxg4 Bxg4 35.Rxg4 Ne8
36.Bc2 Rb7 37.Qh3 g6 38.Rg2 Ng7 39.Bxg7 Kxg7 40.f5 Qf6 41.fxg6
Qa1+ 42.Kf2 Nxg6 43.Bxg6 hxg6 44.Qe3 Rf7+ 45.Kg3 1/2-1/2

[Event "Mästar Elit"]
[Site "Kungsör"]
[Date "2009.07.06"]
[Round "8"]
[White "Nygren, David"]
[Black "Vas, Peter"]
[Result "0-1"]
[WhiteElo "2144"]
[BlackElo "2232"]
[Annotator ""]

1.e4 c6 2.c4 d5 3.cxd5 cxd5 4.exd5 Qxd5 5.Nc3 Qd8 6.d4 e6 7.Nf3
Nf6 8.Bd3 Nc6 9.a3 Be7 10.O-O O-O 11.Bc2 b6 12.Qd3 Bb7 13.Re1
Rc8 14.d5 exd5 15.Bg5 g6 16.Rxe7 Qxe7 17.Nxd5 Nxd5 18.Bxe7 Ncxe7
19.Bb3 Nf4 20.Qd7 Bxf3 21.gxf3 Nf5 22.Re1 Rc5 23.h3 Nxh3+ 24.Kh1
Ng5 25.f4 Nf3 26.Rd1 Kg7 27.Bd5 N3d4 28.Be4 Ne6 29.Qxa7 Nxf4
30.Qxb6 Rfc8 31.b4 Re5 32.Qb7 Rc3 33.Rd7 Ng3+ 34.Kg1 Nge2+ 0-1

[Event "Mästar Elit"]
[Site "Kungsör"]
[Date "2009.07.06"]
[Round "8"]
[White "Persson, Andreas"]
[Black "Eriksson, Anders"]
[Result "0-1"]
[WhiteElo "2123"]
[BlackElo "2346"]
[Annotator ""]

1.e4 c5 2.Nf3 e6 3.c3 d5 4.exd5 Qxd5 5.d4 Nf6 6.Be3 cxd4 7.cxd4
Be7 8.Nc3 Qd8 9.Bd3 O-O 10.O-O Nc6 11.a3 b6 12.Qe2 Bb7 13.Rad1
Rc8 14.Bb1 Nd5 15.Qd3 g6 16.Bh6 Re8 17.Ne4 Nf6 18.Ng3 Qd5 19.Rfe1
b5 20.Ne2 b4 21.Nf4 Qa5 22.Ne5 bxa3 23.Nfxg6 hxg6 24.Nxg6 Qh5
25.Nxe7+ Nxe7 26.Bc1 Qg6 27.Qxg6+ Nxg6 28.bxa3 Kg7 29.f3 Bd5
30.Bg5 Rc3 31.Rd3 Rec8 32.Bd2 R3c6 33.Bb4 Bc4 34.Rdd1 Nd5 35.Bc5
a6 36.Be4 R6c7 37.Rc1 Bb5 38.g3 Nf6 39.Ra1 Bc6 40.Rab1 Nxe4 41.fxe4
Rb7 42.Rxb7 Bxb7 43.h4 Nf8 44.Kf2 Nd7 45.Bb4 Nf6 46.e5 Ng4+ 47.Ke2
Rc2+ 48.Bd2 Ra2 49.Rb1 Bd5 0-1

[Event "Mästar Elit"]
[Site "Kungsör"]
[Date "2009.07.07"]
[Round "9"]
[White "Ask, Josef"]
[Black "Azizi, Haroon"]
[Result "1-0"]
[WhiteElo "2191"]
[BlackElo "2162"]
[Annotator ""]

1.d4 d5 2.c4 Nc6 3.Nc3 dxc4 4.Nf3 e6 5.e3 Nf6 6.Bxc4 Bb4 7.O-O
O-O 8.Qc2 a6 9.a3 Bd6 10.Rd1 Nd5 11.e4 Nb6 12.Ba2 Bd7 13.Bb1
Be7 14.e5 g6 15.Bh6 Re8 16.Ba2 Qc8 17.Qe4 Nd8 18.Qf4 Bc6 19.Ne4
Bxe4 20.Qxe4 c6 21.h4 Nd5 22.Rac1 Qd7 23.g3 Bf8 24.Bxf8 Rxf8
25.Re1 Rc8 26.Kg2 Re8 27.Ng5 Qe7 28.Qf3 Kg7 29.Ne4 Rh8 30.Bxd5
exd5 31.Qf6+ Qxf6 32.exf6+ Kh6 33.Nd6 Rc7 34.Re7 1-0

[Event "Mästar Elit"]
[Site "Kungsör"]
[Date "2009.07.07"]
[Round "9"]
[White "Eriksson, Anders"]
[Black "Bryntze, Stefan"]
[Result "1-0"]
[WhiteElo "2346"]
[BlackElo "2010"]
[Annotator ""]

1.Nf3 e6 2.g3 b6 3.Bg2 Bb7 4.O-O f5 5.d3 Nf6 6.Nc3 Bb4 7.Bd2
O-O 8.e4 fxe4 9.Nxe4 Bxd2 10.Nexd2 Qe7 11.d4 Nc6 12.c3 Nd8 13.Qe2
a5 14.Ne1 a4 15.Bxb7 Nxb7 16.Nd3 Nd6 17.Rfe1 Ra5 18.Qd1 Rf5 19.Qxa4
Ng4 20.f3 Nxh2 21.Kxh2 Rh5+ 22.Kg2 Qg5 23.Nf1 Nf5 24.Re4 d5 25.Rf4
Qh6 26.Nf2 g5 27.Rg4 Qf6 28.Qd1 e5 29.dxe5 Qxe5 30.Qd2 Qf6 31.Qxd5+
Kh8 32.Re1 Qh6 33.Rc4 g4 34.Nxg4 Qg7 35.Qc6 1-0

[Event "Mästar Elit"]
[Site "Kungsör"]
[Date "2009.07.07"]
[Round "9"]
[White "Frisk-Kockum, Anton"]
[Black "Collett, Peter"]
[Result "1-0"]
[WhiteElo "2255"]
[BlackElo "2195"]
[Annotator ""]

1.d4 Nf6 2.Nf3 e6 3.c4 c5 4.d5 exd5 5.cxd5 d6 6.Nc3 g6 7.e4 a6
8.Bf4 Nh5 9.Bg5 Be7 10.Bh6 Bf8 11.Qd2 Bxh6 12.Qxh6 Qf6 13.O-O-O
Bg4 14.e5 dxe5 15.Ne4 Qf4+ 16.Qxf4 exf4 17.Nxc5 b6 18.Re1+ Kf8
19.Ne5 Bf5 20.Nb3 Kg7 21.Nd4 Bc8 22.Bc4 Bb7 23.d6 Rc8 24.Kb1
Nd7 25.Nxd7 Rxc4 26.Nxb6 Rxd4 27.Nxa8 Rxd6 28.Nc7 Rd2 29.Rhf1
Bxg2 30.Nxa6 Bxf1 31.Rxf1 f3 32.Nc5 g5 33.a4 Nf4 34.a5 Rd5 35.Rc1
Nd3 36.Nxd3 Rxd3 37.Rc3 Rd5 38.a6 Kf8 39.a7 Rd8 40.Rb3 1-0

[Event "Mästar Elit"]
[Site "Kungsör"]
[Date "2009.07.07"]
[Round "9"]
[White "Landgren, Andreas"]
[Black "Laksman, Efraim"]
[Result "1-0"]
[WhiteElo "2184"]
[BlackElo "2165"]
[Annotator ""]

1.d4 Nf6 2.c4 g6 3.Nc3 Bg7 4.e4 d6 5.Nf3 O-O 6.h3 c5 7.d5 e6
8.Bd3 exd5 9.cxd5 Na6 10.O-O Nc7 11.Re1 Rb8 12.a4 a6 13.a5 b5
14.axb6 Rxb6 15.Nd2 Nb5 16.Nc4 Rb8 17.Na4 Ne8 18.Bf4 Bb7 19.Qf3
f5 20.exf5 Nd4 21.Qg3 Bxd5 22.fxg6 Rb3 23.Nc3 Nf5 24.gxh7+ Kh8
25.Bxf5 Bxc4 26.Bg5 Qb8 27.Qg4 d5 28.Be7 Rf7 29.Bxc5 Rxb2 30.Bg6
Nf6 31.Qe6 Rf8 32.Bxf8 Qxf8 33.Rab1 Rxf2 34.Kxf2 Ne4+ 35.Kg1
Bd4+ 36.Kh1 Nf2+ 37.Kh2 Qf4+ 38.g3 Ng4+ 39.Qxg4 Qf2+ 40.Kh1 1-0

[Event "Mästar Elit"]
[Site "Kungsör"]
[Date "2009.07.07"]
[Round "9"]
[White "Lind, Jan-Olov"]
[Black "Nygren, David"]
[Result "1-0"]
[WhiteElo "2231"]
[BlackElo "2144"]
[Annotator ""]

1.e4 e6 2.Nc3 d5 3.Nf3 Nf6 4.e5 Ne4 5.Ne2 Bc5 6.d4 Be7 7.Ng3
c5 8.dxc5 Qa5+ 9.Nd2 Qxc5 10.Ngxe4 dxe4 11.Nc4 Nd7 12.Qg4 Nxe5
13.Qxg7 Ng6 14.Be3 Qc7 15.O-O-O Bd7 16.h4 h5 17.Be2 Bf8 18.Qd4
Bc6 19.g3 Bd5 20.Kb1 Rc8 21.Rd2 Bc5 22.Qxc5 Qxc5 23.Bxc5 Rxc5
24.Ne3 Bc6 25.Rhd1 O-O 26.Rd8 a5 27.b3 Ne7 28.Kb2 b5 29.a3 b4
30.axb4 axb4 31.Rxf8+ Kxf8 32.Rd4 Nf5 33.Rxb4 Nxe3 34.fxe3 Rf5
35.Rb6 Bd5 36.Kc1 e5 37.c4 Be6 38.Rd6 Ke7 39.Rd2 Bd7 40.b4 Ba4
41.b5 Rf2 42.Bxh5 Rf1+ 43.Kb2 1-0